[Event "Davos Summer op 21st"]
[Site "Davos"]
[Date "2022.08.07"]
[Round "4"]
[White "Mueller, Ladina"]
[Black "Sala, Matteo"]
[Result "0-1"]
[WhiteElo "1532"]
[BlackElo "1862"]
[PlyCount "96"]
[EventDate "2022.08.05"]
[EventType "swiss"]
[EventRounds "5"]
[EventCountry "SUI"]
[SourceTitle "CBM 209 Extra"]
[Source "ChessBase"]
[SourceDate "2022.09.30"]
[SourceVersion "1"]
[SourceVersionDate "2022.09.30"]
[SourceQuality "1"]

1. c4 Nf6 2. g3 c5 3. Bg2 Nc6 4. Nc3 e6 5. d3 Be7 6. Nf3 d5 7. Bf4 Nh5 8. Qd2 d4 9. Nb5 Nxf4 10. Qxf4 0-0 11. 0-0 a6 12. Na3 Bf6 13. Qd2 e5 14. e3 dxe3 15. Qxe3 Qe7 16. Qe4 g6 17. Rfe1 Bf5 18. Qe3 Rad8 19. Rad1 Rd7 20. Rd2 Rfd8 21. Bf1 g5 22. h3 h5 23. Nh2 g4 24. h4 Nb4 25. Red1 Bg6 26. b3 Kh7 27. f4 e4 28. dxe4 Bd4 29. Rxd4 cxd4 30. Qe1 Bxe4 31. c5 Nc6 32. Nc4 f5 33. Nd6 Rxd6 34. cxd6 Qxd6 35. Bd3 Re8 36. Nf1 Re7 37. Qd2 a5 38. Bb5 Qc5 39. Bd3 Qb4 40. Qc2 Qc3 41. Qb1 Nb4 42. Bxe4 fxe4 43. Rc1 Qd3 44. Qb2 e3 45. Nxe3 Qxe3+ 46. Kf1 Qf3+ 47. Qf2 Qxf2+ 48. Kxf2 Nd3+ 0-1